000 02476cam a2200373 i 4500
003 SA-RiAUC
005 20260413142522.0
008 260319s1912 le g 00000 ara c
040 _aSA-JeALM
_bara
_cSA-RiAUC
_erda
082 0 4 _a332.4
_qSA-RiAUC
090 _aم ن 332.4
_bخ ط ي
100 1 _aالخطيب، أحمد بن عبد اللطيف،
_dتوفي 1306 هجري
_eمؤلف.
245 1 0 _aهذه الرسالة، المسماة، إقناع النفوس بإلحاق أوراق الأنوات بعملة الفلوس /
_cلمؤلفها أحمد الخطيب.
246 3 0 _aإقناع النفوس بإلحاق أوراق الأنوات بعملة الفلوس
264 1 _a[مكان النشر غير محدد] :
_b[الناشر غير محدد]،
_c[1912]
264 3 _aبيروت :
_bالمطبعة الأهلية
300 _a50، 36، 23 صفحة ؛
_c29 سم
336 _aنص
_btxt
_2rdacontent
_3كتاب
337 _aبدون وسيط
_bn
_2rdamedia
338 _aمجلد
_bnc
_2rdacarrier
351 _bمرتبة بنظام التعقيبات.
500 _aورد بخط اليد على صفحة العنوان : مجاميع.
500 _aيليه : هذه الرسالة المسماة برفع الالتباس عن حكم الأنواط المتعامل بها بين الناس / لجامعها أحمد خطيب المكي الشافعي-إجادة النجدة بمنع القصر في طريق جدة / لتاج الدين بن أحمد بن إبراهيم الدهان الحنفي المكي.
650 7 _aالنقود
_2aucsh
650 7 _aالأوراق المالية
_2aucsh
650 7 _aالبنوك
_2aucsh
700 1 2 _aالدهان، تاج الدين بن أحمد بن إبراهيم،
_dتوفي حوالي 1150 هجري
_tإجادة النجدة بمنع القصر في طريق جدة.
700 1 2 _aالشافعي، أحمد خطيب المكي
_tهذه الرسالة، المسماة، برفع الالتباس عن حكم الأنواط المتعامل بها بين الناس.
740 0 2 _aإجادة النجدة بمنع القصر في طريق جدة.
740 0 2 _aهذه الرسالة، المسماة، برفع الالتباس عن حكم الأنواط المتعامل بها بين الناس.
740 0 2 _aرفع الالتباس عن حكم الأنواط المتعامل بها بين الناس.
942 _2ddc
_cRBOOK COPY
_n0
949 _aSA-JeALM
_d260319
_umohamedma123
_n1
999 _c14772
_d14772